Умершие от рака - Армагеддон - Statistics

General Stats
  • This quiz has been taken 16 times
  • The average score is 2 of 21
Answers on the Grid
Answers color-coded by a green-red scale on the quiz's grid according to % correct below.
Фёдор Шаляпин
Нестор Махно
Станислав Говорухин
Агата Кристи
Борис Стругацкий
Юрий Гагарин
Зигмунд Фройд
Фридрих Ницше
Александр Лебедь
Уолт Дисней
Шарль де Голль
Юзеф Пилсудский
Алексей Толстой
Демис Руссос
Аркадий Стругацкий
Элвис Пресли
Франц Кафка
Нил Армстронг
Евгений Евтушенко
Ричард Фейнман
Олег Янковский
Энди Кауфман
Стэнли Кубрик
Авраам Линкольн
Оззи Осборн
Элизабет Тейлор
Пеле
Константин Станиславский
Кен Кизи
Лесли Нильсен
Джордж Харрисон
Джимми Картер
Эрнест Хемингуэй
Боб Марли
Гарри Гудини
Дмитрий Хворостовский
Роберт Оппенгеймер
Дэвид Линч
Хантер Томпсон
Джон Леннон
 
Answer Stats
Answer % Correct
Станислав Говорухин
38%
Фёдор Шаляпин
31%
Олег Янковский
31%
Пеле
31%
Дмитрий Хворостовский
19%
Борис Стругацкий
13%
Уолт Дисней
13%
Аркадий Стругацкий
13%
Евгений Евтушенко
13%
Зигмунд Фройд
6%
Алексей Толстой
6%
Демис Руссос
6%
Джордж Харрисон
6%
Боб Марли
6%
Юзеф Пилсудский
0%
Ричард Фейнман
0%
Энди Кауфман
0%
Константин Станиславский
0%
Кен Кизи
0%
Джимми Картер
0%
Роберт Оппенгеймер
0%
No matching quizzes found
Score Distribution
Percent of People with Each Score
Percentile by Number Answered
Your Score History
You have not taken this quiz